000 00533pam a2200217 a 4500
001 480196
005 20171226041427.0
008 840910s1985 nyua b 001 0 eng
010 _a 84021308
020 _a0394336216
040 _aDLC
_cDLC
_dDLC
041 _aeng
080 _a155
082 0 0 _a155 ZAN
_219
100 2 _a50
101 _aSOC
245 1 0 _aHuman development /
_cJames W. Vander Zanden.
504 _aBibliography: p. 591-633.
906 _a7
_bcbc
_corignew
_d1
_eocip
_f19
_gy-gencatlg
942 _2ddc
_cBK
999 _c39382
_d39382